Statystyki dla Trasa Warszawskiej linii autobusowej 118

Kliknij tutaj aby rozwiązać quiz!

Ogólne statystyki

  • Ten quiz został rozwiązany 6 razy
  • Średni wynik to 14 z 19

Statystyki odpowiedzi

DzielnicaPrzystanek% Poprawnych
ŚródmieścieMariensztat
100%
ŚródmieścieAleja 3 Maja
80%
ŚródmieścieBiblioteka Uniwersytecka
80%
ŚródmieścieDobra
80%
ŚródmieścieMetro Centrum Nauki Kopernik
80%
ŚródmieścieMetro Centrum Nauki Kopernik
80%
ŚródmieścieMetro Politechnika
80%
ŚródmieścieMetro Politechnika
80%
ŚródmieścieNowy Zjazd
80%
ŚródmieściePlac Konstytucji
80%
ŚródmieściePlac Konstytucji
80%
ŚródmieścieCzerniakowska
60%
ŚródmieścieJaracza
60%
ŚródmieścieKsiążęca
60%
ŚródmieścieMokotowska
60%
ŚródmieściePiękna
60%
ŚródmieściePlac Trzech Krzyży
60%
ŚródmieścieSolec
60%
ŚródmieścieZajęcza
60%

Rozkład punktacji

Percentyl według liczby udzielonych odpowiedzi

Procent ludzi z każdym wynikiem

Twoja historia wyników

Nie rozwiązałeś tego quizu